000 00522nam a2200109Ia 4500
008 171212s9999 xx 000 0 und d
100 _aDamberg, Cheryl L.;Sorbero, Melony E.;Lovejoy, Susan L.;Lauderdale, Katharine;Wertheimer, Samuel
245 _cDamberg, Cheryl L.;Sorbero, Melony E.;Lovejoy, Susan L.;Lauderdale, Katharine;Wertheimer, Samuel
_aAn Evaluation of the Use of Performance Measures in Health Care
260 _bRAND Corporation
_c2011
650 _aBusiness
856 _uwww.jstor.org/stable/10.7249/j.ctt3fh27c
999 _c351723
_d351723